00341nam a2200133Ia 4500008004100000020001700041041000800058082002000066100002200086245001900108260006000127300000700187365001300194140306s9999 xx 000 0 und d a978007069919 aeng a338.516bSUG/IN aBradley, J.Sugars aInstant Profit aNew DelhibTata Mc Graw Hill Publishing Company Limited a83 bRs.299/-